Tropical Diseases Research Centre eighth annual report 1989 (Record no. 60461)

MARC details
000 -LEADER
fixed length control field 00541nam a2200133 a 4500
008 - FIXED-LENGTH DATA ELEMENTS--GENERAL INFORMATION
fixed length control field 140527s1989 ||||||||||||||||| || u
050 ## - LIBRARY OF CONGRESS CALL NUMBER
Classification number TDRC(058)AR/1989
110 ## - MAIN ENTRY--CORPORATE NAME
Corporate name or jurisdiction name as entry element Tropical Diseases Research Centre (TDRC)
245 10 - TITLE STATEMENT
Title Tropical Diseases Research Centre eighth annual report 1989
260 ## - PUBLICATION, DISTRIBUTION, ETC.
Place of publication, distribution, etc. Ndola
Name of publisher, distributor, etc. TDRC
Date of publication, distribution, etc. 1989
300 ## - PHYSICAL DESCRIPTION
Extent iii, 51p.
650 ## - SUBJECT ADDED ENTRY--TOPICAL TERM
Topical term or geographic name entry element TROPICAL DISEASES RESEARCH CENTRE--ZAMBIA
995 ## - RECOMMENDATION 995 [LOCAL, UNIMARC FRANCE]
-- CBU-MAIN LIBRARY (Kitwe)
-- 1
-- AVAILABLE
-- May 27, 2014
-- International Publications
Holdings
Withdrawn status Lost status Source of classification or shelving scheme Damaged status Not for loan Home library Current library Shelving location Date acquired Total Checkouts Full call number Barcode Date last seen Price effective from Koha item type
          CBU-MAIN LIBRARY, KITWE. CBU-MAIN LIBRARY, KITWE.   11/30/2022   TDRC(058)AR/1989 B1371 11/30/2022 11/30/2022 MONOGRAPH